Vocabulaire anglais n°2 - Statistiques

Statistiques générales
  • Ce quiz a été pris 442 fois
  • Le résultat moyen est 7 sur 20
Statistiques - réponses
Hint Réponse % Correct
un lapin a rabbit
91%
un canard a duck
87%
faitgué tired
86%
un crayon a pencil
85%
un mal de tête a headache
64%
envoyer to send
59%
un poisson rouge a goldfish
48%
une oie a goose
35%
un timbre a stamp
30%
une poule a hen
28%
rappeler to call back
28%
une palette a palette
13%
une toile a canvas
10%
renifler to sniff
10%
un comprimé a tablet
8%
un haut parleur a loudspeaker
6%
les contours the outline
4%
un téléphone sans fil a cordless phone
3%
un chevalet an easel
3%
un brancard a stretcher
3%
Aucun quiz correspondant
Distribution des résultats
% des personnes avec chaque résultat
Percentile par nombre de réponses
Votre historique - résultats
Vous n’avez pas pris ce quiz